Key sub-disciplines and methods of technology planning in dynamic environment

Predvídanie a strategické plánovanie technologického vývoja. Taxonómia kľúčových technologických plánovacích metód. Bibliometrická analýza a participatívne technologické plánovanie. Metódy technologického plánovania - modelovanie, simulácia, tvorba scenárov, interview, predvídanie, historická analóg...

Descrizione completa

Salvato in:
Dettagli Bibliografici
Autore principale: Jemala, Marek
Altri autori: Jemala, Ľubomír
Natura: Capitolo di libro
Lingua:inglese
Soggetti:
Tags: Aggiungi Tag
Nessun Tag, puoi essere il primo ad aggiungerne!!

MARC

LEADER 00000naa a2200000 4500
001 0192660
005 20231116110737.8
041 0 |a eng 
044 |a CZ 
245 1 0 |a Key sub-disciplines and methods of technology planning in dynamic environment  |c Marek Jemala, Ľubomír Jemala 
520 |a Predvídanie a strategické plánovanie technologického vývoja. Taxonómia kľúčových technologických plánovacích metód. Bibliometrická analýza a participatívne technologické plánovanie. Metódy technologického plánovania - modelovanie, simulácia, tvorba scenárov, interview, predvídanie, historická analógia. 
610 2 0 |a modelovanie 
610 2 0 |a simulácia 
610 2 0 |a plánovanie 
610 2 0 |a dynamika systémov 
610 2 0 |a zmeny technologické 
610 2 0 |a modernizácia technológie 
100 1 |a Jemala, Marek 
700 1 |a Jemala, Ľubomír